Statistiques concernant Quiz Variétés de cannabis

Cliquez ici pour prendre le quiz!

Statistiques générales

  • Ce quiz a été pris 11 fois
    (9 depuis la dernière actualisation)
  • Le résultat moyen est 17 sur 61

Statistiques - réponses

LettreVariété% Correct
AAfghane
75%
HHaze
75%
SSkunk
75%
WWhite Widow
75%
AAfghan Skunk
50%
AAmnesia Haze
50%
BBlueBerry
50%
BBruce Banner
50%
CCheese
50%
KKush
50%
LLemon Haze
50%
NNorthern Lights
50%
PPurple Haze
50%
AAfghan Kush
25%
AAK-47
25%
BBlue Dream
25%
CCalifornian Gold
25%
CChemdawg
25%
DDiesel
25%
DDurban Poison
25%
FFire OG
25%
GG-13
25%
GG-13 Haze
25%
GGorilla Glue
25%
HHarlequin
25%
IIce
25%
JJack Herer
25%
JJuicy Fruit
25%
LLA Confidential
25%
LLemon Kush
25%
LLemon Skunk
25%
MMango Kush
25%
NNYC Diesel
25%
OOG Kush
25%
OOrange Bud
25%
OOrange Kush
25%
PPurple Kush
25%
RRenaissance
25%
RRoyal Cheese
25%
SSativa des Rois
25%
SSilver Haze
25%
SSkywalker
25%
SSour Diesel
25%
SSuper Lemon Haze
25%
SSuper Silver Haze
25%
TThai
25%
TTrue OG
25%
WWedding Cake
25%
WWhite Fire OG
25%
WWhite Rhino
25%
ZZkittlez
25%
BBig Bud
0%
DDos Si Dos
0%
GGirl Scoot Cookie
0%
GGost Train Haze
0%
GGrape Ape
0%
HHeadband
0%
MMaster Kush
0%
PPineapple Kush
0%
RRuntz
0%
SStrawberry Kush
0%

Distribution des résultats

Percentile par nombre de réponses

% des personnes avec chaque résultat

Votre développement - résultats

Vous n’avez pas pris ce quiz depuis la dernière actualisation